| 000 -LEADER |
| fixed length control field |
00815nam a2200253Ia 4500 |
| 001 - CONTROL NUMBER |
| control field |
20803 |
| 003 - CONTROL NUMBER IDENTIFIER |
| control field |
GE_BSU |
| 005 - DATE AND TIME OF LATEST TRANSACTION |
| control field |
20221122123305.0 |
| 008 - FIXED-LENGTH DATA ELEMENTS--GENERAL INFORMATION |
| fixed length control field |
181216s5015||||enk|||||||||||||| ||eng|| |
| 020 ## - INTERNATIONAL STANDARD BOOK NUMBER |
| International Standard Book Number |
9781137517227x |
| 040 ## - CATALOGING SOURCE |
| Transcribing agency |
GE_BSU |
| 041 ## - LANGUAGE CODE |
| Language code of text/sound track or separate title |
eng |
| 080 ## - UNIVERSAL DECIMAL CLASSIFICATION NUMBER |
| Universal Decimal Classification number |
327(4) B-56 |
| 100 ## - MAIN ENTRY--PERSONAL NAME |
| Personal name |
Bickerton, Christopher J. |
| 9 (RLIN) |
11405 |
| 245 ## - TITLE STATEMENT |
| Title |
European Union Foreign Policy : |
| Remainder of title |
From Effectiveness to Functionality / |
| Statement of responsibility, etc. |
Christopher J. Bickerton. |
| 264 ## - PRODUCTION, PUBLICATION, DISTRIBUTION, MANUFACTURE, AND COPYRIGHT NOTICE |
| Place of production, publication, distribution, manufacture |
New York : |
| Name of producer, publisher, distributor, manufacturer |
palgrave macmillan, |
| Date of production, publication, distribution, manufacture, or copyright notice |
2015. |
| 300 ## - PHYSICAL DESCRIPTION |
| Extent |
176 p.; |
| Accompanying material |
22 cm. |
| 500 ## - GENERAL NOTE |
| General note |
bibl. :p.137-172 ; Index. :p.173-176 |
| 653 ## - INDEX TERM--UNCONTROLLED |
| keyword |
European Union Foreign Policy |
| 653 ## - INDEX TERM--UNCONTROLLED |
| keyword |
ევროკავშირის საგარეო პოლიტიკა |
| 653 ## - INDEX TERM--UNCONTROLLED |
| keyword |
პოლიტიკა |
| 942 ## - ADDED ENTRY ELEMENTS (KOHA) |
| Koha item type |
წიგნი |
| Source of classification or shelving scheme |
|